000 00628nam a2200205Ia 4500
001 15446
003 GE_BSU
008 181216s||||||||xx |||||||||||||| ||und||
040 _cGE_BSU
080 _a821.353.1-1+821.353.1-11
100 _aჩიქოვანი,სიმონ
245 _aლექსები
245 _cრედ.შ.სულაბერიძე. მხატვ.ლ.გრიგოლია
260 _aთბილისი
260 _bსახელგამი
260 _c1955
300 _a524გვ.1ფ.პორტრ.22სმ.
653 _aლექსები
942 _cBK
999 _c48549
_d48549